000 02233nam0a2200385 4500
001 RU\NLR\bibl\574072
005 20250610133645.0
021 _aRU
_b2004-26653
_91345
035 _aRSL-KNO-002433698
035 _a(NLR Aleph) 000566121
090 _a1563142
_c1563142
100 _a20040511d2004 |||y0rusy50 ca
101 0 _arus
102 _aRU
105 _aa |||||||||
106 _ar
200 1 _aМеждународные расчеты
_eУчеб. пособие
_e[Для студентов, изучающих курсы "Мировая валют. система", "Мировая экономика", "Теория денег и кредита"]
_fЛ.П. Наумова, Н.А. Петербургская
_gМ-во образования Рос. Федерации, Гос. образоват. учреждение высш. проф. образования "С.-Петерб. гос. ун-т экономики и финансов". Каф. денег и цен. бумаг
210 _aСПб.
_cИзд-во СПбГУЭФ
_d2004
_eРТП изд-ва СПбГУЭФ
215 _a43 с.
_cил.
_d21
320 _aБиблиогр.: с. 42 (4 назв.)
606 0 _aМеждународные расчеты
_jРуководства, пособия и т.п. для высшей школы
_91102928
_3RU\NLR\auth\66114882
606 0 _aМеждународные расчеты
_jУчебные издания для высших учебных заведений
_91102928
_3RU\NLR\auth\66114882
610 0 _aЭкономика -- Мировая экономика -- Международные расчетные отношения -- Учебник для высшей школы
686 _aУ582.63я73-1
_2rubbk
686 _aУ26(0)83я73
700 1 _aНаумова
_bЛ. П.
_gЛариса Павловна
_4070
701 1 _4070
_aПетербургская
_bН. А.
_cканд. экон. наук
_gНаталья Анатольевна
_9217622
_3RU\NLR\AUTH\770217678
801 0 _aRU
_bRuMoRKP
_c20040511
_gPSBO
801 1 _aRU
_bRuMoRGB
_c20040511
801 2 _aRU
_bNLR
_c20041115
_gPSBO
830 _aАвт. по кн.
942 _cBOOK
980 _aNB